[Event "IRI-ch U18"]
[Site "Chess.com INT"]
[Date "2021.01.26"]
[Round "5"]
[White "Nazari, Arad"]
[Black "Rahmani, Pedram"]
[Result "1-0"]
[WhiteElo "2298"]
[BlackElo "1872"]
[PlyCount "79"]
[EventDate "2021.01.26"]
[EventType "swiss"]
[EventRounds "9"]
[EventCountry "IRI"]
[SourceTitle "CBM 200 Extra"]
[Source "ChessBase"]
[SourceDate "2021.03.31"]
[SourceVersion "1"]
[SourceVersionDate "2021.03.31"]
[SourceQuality "1"]

1. e4 e6 2. d4 d5 3. Nd2 Nf6 4. e5 Nfd7 5. f4 c5 6. c3 Nc6 7. Ndf3 f6 8. Bd3 f5 9. Ne2 Be7 10. 0-0 0-0 11. h3 Re8 12. g4 Nf8 13. Be3 c4 14. Bc2 b5 15. a3 a5 16. Ng3 g6 17. Kh2 Rb8 18. Rg1 Kh8 19. Ne2 b4 20. axb4 axb4 21. h4 bxc3 22. bxc3 Bxh4 23. g5 h5 24. Nxh4 Re7 25. Kg2 Na5 26. Nc1 Reb7 27. Nxg6+ Nxg6 28. Qxh5+ Rh7 29. Qxg6 Rb2 30. Ra2 Rxa2 31. Nxa2 Nc6 32. Qf6+ Qxf6 33. exf6 Ra7 34. Nb4 Nxb4 35. cxb4 Ra2 36. g6 Rxc2+ 37. Kf3 e5 38. g7+ Kg8 39. f7+ Kxf7 40. g8Q+ 1-0

[Event "IRI-ch U18"]
[Site "Chess.com INT"]
[Date "2021.01.26"]
[Round "2"]
[White "Rahmani, Pedram"]
[Black "Ebrahimi, Amir Hossein"]
[Result "1-0"]
[WhiteElo "1872"]
[BlackElo "1508"]
[PlyCount "53"]
[EventDate "2021.01.26"]
[EventType "swiss"]
[EventRounds "9"]
[EventCountry "IRI"]
[SourceTitle "CBM 200 Extra"]
[Source "ChessBase"]
[SourceDate "2021.03.31"]
[SourceVersion "1"]
[SourceVersionDate "2021.03.31"]
[SourceQuality "1"]

1. d4 e6 2. Nf3 Nf6 3. c4 c6 4. Nc3 Bb4 5. Bd2 d5 6. e3 Be7 7. Bd3 Qc7 8. 0-0 Nbd7 9. Rc1 Bd6 10. cxd5 cxd5 11. Nxd5 Qb8 12. Nxf6+ Nxf6 13. e4 Ng4 14. e5 Be7 15. h3 h5 16. hxg4 hxg4 17. Nh2 g3 18. fxg3 f6 19. Bg6+ Kf8 20. Qf3 b6 21. exf6 Bxf6 22. Bb4+ Kg8 23. Ng4 Bb7 24. Nxf6+ gxf6 25. Bf7+ Kh7 26. Qh5+ Kg7 27. Qg6# 1-0

[Event "IRI-ch U18"]
[Site "Chess.com INT"]
[Date "2021.01.26"]
[Round "8"]
[White "Rahmani, Pedram"]
[Black "Rahmani, Mohammad1111"]
[Result "1/2-1/2"]
[WhiteElo "1872"]
[BlackElo "1276"]
[PlyCount "145"]
[EventDate "2021.01.26"]
[EventType "swiss"]
[EventRounds "9"]
[EventCountry "IRI"]
[SourceTitle "CBM 200 Extra"]
[Source "ChessBase"]
[SourceDate "2021.03.31"]
[SourceVersion "1"]
[SourceVersionDate "2021.03.31"]
[SourceQuality "1"]

1. d4 e6 2. c4 d5 3. Nf3 c5 4. Nc3 Nc6 5. cxd5 exd5 6. e3 Nf6 7. Bb5 Be7 8. Ne5 Bd7 9. Nxd7 Qxd7 10. 0-0 a6 11. Be2 0-0 12. Bf3 c4 13. a4 Nb4 14. e4 dxe4 15. Nxe4 Nxe4 16. Bxe4 f5 17. Bf3 Rad8 18. d5 Nxd5 19. Qd4 b5 20. Rd1 Nf6 21. Qxd7 Rxd7 22. Rxd7 Nxd7 23. axb5 axb5 24. Ra7 Rd8 25. Be3 Kf7 26. g3 Bf6 27. Bb6 Rb8 28. Rxd7+ Ke6 29. Rb7 Rxb7 30. Bxb7 Bxb2 31. Bf3 b4 32. Kf1 b3 33. Ke1 c3 34. Bd4 Ba3 35. Bxc3 Bb4 36. Kd2 b2 37. Kc2 Bxc3 38. Be2 Kd5 39. Bd3 Bd4 40. Bxf5 g6 41. Bd7 Kc4 42. Be6+ Kb4 43. f3 Ka3 44. h3 Be5 45. f4 Bd4 46. Bg8 h6 47. Kb1 Bf2 48. g4 g5 49. f5 Bd4 50. Kc2 Bf6 51. Be6 Kb4 52. Ba2 Ka3 53. Bb1 Kb4 54. Kd3 Kb3 55. Ke4 Kc3 56. Kd5 Kd2 57. Ke6 Bc3 58. f6 Ke3 59. f7 Bg7 60. Ke7 Kf3 61. f8Q+ Bxf8+ 62. Kxf8 Kg3 63. Kg7 Kxh3 64. Bf5 b1Q 65. Bxb1 Kxg4 66. Kxh6 Kf4 67. Ba2 g4 68. Bd5 Kg3 69. Kg5 Kh3 70. Kf4 g3 71. Bc6 Kh2 72. Kg5 g2 73. Bxg2 1/2-1/2

[Event "IRI-ch U18"]
[Site "Chess.com INT"]
[Date "2021.01.26"]
[Round "7"]
[White "Tanavar, Mohammadreza"]
[Black "Rahmani, Pedram"]
[Result "1-0"]
[WhiteElo "1435"]
[BlackElo "1872"]
[PlyCount "65"]
[EventDate "2021.01.26"]
[EventType "swiss"]
[EventRounds "9"]
[EventCountry "IRI"]
[SourceTitle "CBM 200 Extra"]
[Source "ChessBase"]
[SourceDate "2021.03.31"]
[SourceVersion "1"]
[SourceVersionDate "2021.03.31"]
[SourceQuality "1"]

1. d4 d5 2. c4 c6 3. Nf3 Nf6 4. Nc3 dxc4 5. a4 Bf5 6. e3 e6 7. Bxc4 Bb4 8. 0-0 0-0 9. Qe2 Bg4 10. Rd1 Qe7 11. e4 h6 12. h3 Bh5 13. g4 Bg6 14. g5 hxg5 15. Bxg5 Qc7 16. Bxf6 gxf6 17. Kh1 Kg7 18. Nh4 Qf4 19. Nxg6 fxg6 20. Rg1 Rh8 21. Bxe6 Na6 22. Rxg6+ Kxg6 23. Rg1+ Kh6 24. Bf7 Qh4 25. Qf3 Rhf8 26. Qf5 Rg8 27. Rg6+ Kh7 28. Rxg8+ Kh6 29. Rg6+ Kh7 30. Rg4+ Kh8 31. Rxh4+ Kg7 32. Qh7+ Kf8 33. Qg8+ 1-0